[Event "La Roda op 40th"]
[Site "La Roda"]
[Date "2013.03.30"]
[Round "6"]
[White "Munoz Navarro, Alberto"]
[Black "Cruz Lledo, Pablo"]
[Result "0-1"]
[WhiteElo "2177"]
[BlackElo "2277"]
[PlyCount "82"]
[EventDate "2013.03.27"]
[EventType "swiss"]
[EventRounds "9"]
[EventCountry "ESP"]
[SourceTitle "CBM 153 Extra"]
[Source "ChessBase"]
[SourceDate "2013.04.22"]
[SourceVersion "1"]
[SourceVersionDate "2013.04.22"]
[SourceQuality "1"]

1. d4 d5 2. c4 dxc4 3. Nf3 Nf6 4. e3 g6 5. Bxc4 Bg7 6. 0-0 0-0 7. Nc3 Nfd7 8. h3 Nb6 9. Bb3 Nc6 10. Qe2 e5 11. dxe5 Nxe5 12. Rd1 Qe7 13. e4 c6 14. Nxe5 Qxe5 15. Be3 Be6 16. Bd4 Qc7 17. Bxg7 Kxg7 18. Bxe6 fxe6 19. e5 Rad8 20. Rxd8 Rxd8 21. Re1 Nd5 22. Qg4 Nxc3 23. bxc3 Qd7 24. Kh2 Qf7 25. Re3 Qf5 26. Qg3 Rd5 27. c4 Ra5 28. Qh4 g5 29. Qd4 Qf4+ 30. Qxf4 gxf4 31. Rd3 Kg6 32. Rd7 b5 33. Rd6 Rxa2 34. Rxe6+ Kf5 35. Rxc6 b4 36. e6 Kf6 37. Rd6 a5 38. Rb6 Rxf2 39. c5 Rc2 40. Rb5 f3 41. Rxa5 f2 0-1

[Event "ESP-chT CECLUB Div2 Gp2"]
[Site "Burguillos"]
[Date "2012.08.12"]
[Round "6.3"]
[White "Munoz Navarro, Alberto"]
[Black "Manzano Orta, Jose Maria"]
[Result "0-1"]
[WhiteElo "2173"]
[BlackElo "2200"]
[PlyCount "79"]
[EventDate "2012.08.08"]
[EventType "team-swiss"]
[EventRounds "6"]
[EventCountry "ESP"]
[SourceTitle "CBM 149 Extra"]
[Source "ChessBase"]
[SourceDate "2012.08.24"]
[SourceVersion "1"]
[SourceVersionDate "2012.08.24"]
[SourceQuality "1"]
[WhiteTeam "Lapuerta"]
[BlackTeam "Huelva"]
[WhiteTeamCountry "ESP"]
[BlackTeamCountry "ESP"]

1. g3 d5 2. Bg2 Nf6 3. d3 e5 4. Nf3 Nc6 5. 0-0 Be7 6. c4 0-0 7. cxd5 Nxd5 8. Nc3 Nb6 9. a3 a5 10. Be3 Re8 11. Rc1 Bf8 12. Nd2 Nd4 13. Nc4 Nxc4 14. dxc4 c6 15. Na4 Bg4 16. Re1 Nxe2+ 17. Rxe2 Qxd1+ 18. Rxd1 Bxe2 19. Re1 Bg4 20. Bb6 f6 21. Nc3 Be6 22. c5 a4 23. Re4 Bb3 24. Bf1 f5 25. Rb4 Re7 26. Bc4+ Bxc4 27. Rxc4 Rd7 28. Rxa4 Rxa4 29. Nxa4 Kf7 30. Kf1 Rd4 31. b4 Rd3 32. Nb2 Rc3 33. Bc7 Ke6 34. Ke1 Kd5 35. Kd2 Rxa3 36. Nd3 g6 37. Nxe5 Bg7 38. Nd3 Kc4 39. Nf4 Ra8 40. Ke1 0-1

[Event "ESP-chT CECLUB Div2 Gp2"]
[Site "Burguillos"]
[Date "2012.08.10"]
[Round "4.2"]
[White "Ivanov, Jordan"]
[Black "Munoz Navarro, Alberto"]
[Result "1-0"]
[WhiteElo "2359"]
[BlackElo "2173"]
[PlyCount "65"]
[EventDate "2012.08.08"]
[EventType "team-swiss"]
[EventRounds "6"]
[EventCountry "ESP"]
[SourceTitle "CBM 149 Extra"]
[Source "ChessBase"]
[SourceDate "2012.08.24"]
[SourceVersion "1"]
[SourceVersionDate "2012.08.24"]
[SourceQuality "1"]
[WhiteTeam "Silla"]
[BlackTeam "Lapuerta"]
[WhiteTeamCountry "ESP"]
[BlackTeamCountry "ESP"]

1. d4 d5 2. c4 c6 3. Nf3 Nf6 4. Nc3 dxc4 5. a4 e6 6. e3 c5 7. Bxc4 cxd4 8. exd4 Nc6 9. 0-0 Be7 10. Qe2 0-0 11. Rd1 Nb4 12. Ne5 a6 13. Bb3 Nfd5 14. Qf3 f6 15. Nd3 Re8 16. Nxb4 Bxb4 17. Nxd5 exd5 18. Bxd5+ Kh8 19. Bxb7 Bxb7 20. Qxb7 Qxd4 21. Bh6 Qg4 22. Bxg7+ Qxg7 23. Qxb4 Rab8 24. Qa5 Qb7 25. b4 Kg7 26. Rac1 Qxb4 27. Qxa6 Re7 28. g3 Rbe8 29. Rc4 Re1+ 30. Rxe1 Qxe1+ 31. Kg2 Qd1 32. Rc7+ Kg6 33. Qc4 1-0

[Event "ESP-ch Universities"]
[Site "Alicante"]
[Date "2011.05.11"]
[Round "9"]
[White "Fernandez Barrera, Victor"]
[Black "Munoz Navarro, Alberto"]
[Result "1-0"]
[WhiteElo "2327"]
[BlackElo "2160"]
[PlyCount "40"]
[EventDate "2011.05.09"]
[EventType "team-swiss"]
[EventRounds "9"]
[EventCountry "ESP"]
[SourceTitle "CBM 142 Extra"]
[Source "ChessBase"]
[SourceDate "2011.06.27"]
[SourceVersion "1"]
[SourceVersionDate "2011.06.27"]
[SourceQuality "1"]

1. e4 c5 2. Nf3 Nc6 3. d4 cxd4 4. Nxd4 g6 5. c4 Bg7 6. Be3 Nf6 7. Nc3 0-0 8. Be2 b6 9. 0-0 Bb7 10. f3 Qb8 11. Qd2 Rd8 12. Rac1 d6 13. Rfd1 Rd7 14. a3 Qf8 15. Nc2 e6 16. Bf1 Rad8 17. Qf2 d5 18. exd5 exd5 19. Nb5 dxc4 20. Rxd7 Nxd7 1-0

[Event "San Pedro del Pinatar op 1st"]
[Site "San Pedro del Pinatar"]
[Date "2010.01.16"]
[Round "3"]
[White "Aledo Lopez, Angel"]
[Black "Munoz Navarro, Alberto"]
[Result "1-0"]
[WhiteElo "2004"]
[BlackElo "2181"]
[PlyCount "63"]
[EventDate "2010.01.15"]
[EventType "swiss"]
[EventRounds "7"]
[EventCountry "ESP"]
[SourceTitle "CBM 134 Extra"]
[Source "ChessBase"]
[SourceDate "2010.03.03"]
[SourceVersion "1"]
[SourceVersionDate "2010.03.03"]
[SourceQuality "1"]

1. e4 d6 2. d4 Nf6 3. Nc3 g6 4. f3 c6 5. Be3 Nbd7 6. Qd2 b5 7. Bh6 Bxh6 8. Qxh6 Qa5 9. Qd2 a6 10. Nge2 c5 11. d5 Bb7 12. h4 Ne5 13. Nf4 0-0-0 14. a3 h6 15. 0-0-0 g5 16. hxg5 hxg5 17. Rxh8 Rxh8 18. Nh3 b4 19. Nb1 g4 20. Ng5 Rg8 21. f4 Ned7 22. Bd3 Qb6 23. Rh1 e6 24. dxe6 fxe6 25. axb4 Qxb4 26. c3 Qa4 27. Bc2 Qc6 28. Rh6 Re8 29. c4 Re7 30. Nc3 Kc7 31. Ba4 Qb6 32. Bxd7 1-0

[Event "San Pedro del Pinatar op 1st"]
[Site "San Pedro del Pinatar"]
[Date "2010.01.16"]
[Round "4"]
[White "Munoz Navarro, Alberto"]
[Black "Castillo Lorente, Jose Luis"]
[Result "1-0"]
[WhiteElo "2181"]
[BlackElo "1835"]
[PlyCount "109"]
[EventDate "2010.01.15"]
[EventType "swiss"]
[EventRounds "7"]
[EventCountry "ESP"]
[SourceTitle "CBM 134 Extra"]
[Source "ChessBase"]
[SourceDate "2010.03.03"]
[SourceVersion "1"]
[SourceVersionDate "2010.03.03"]
[SourceQuality "1"]

1. e4 c5 2. Nf3 Nc6 3. d4 cxd4 4. Nxd4 Nf6 5. Nc3 d6 6. Be2 e5 7. Nb3 Be6 8. 0-0 d5 9. exd5 Nxd5 10. Nxd5 Bxd5 11. Be3 Be7 12. c3 0-0 13. Nc5 b6 14. Nb7 Qd7 15. Bf3 e4 16. Bxe4 Qxb7 17. Qxd5 Rac8 18. Rad1 Rfd8 19. Qh5 g6 20. Qf3 Re8 21. Rd2 Qc7 22. Rfd1 Ne5 23. Qg3 Rcd8 24. Rxd8 Bxd8 25. Bf4 Bf6 26. h3 Qc4 27. Bd5 Qe2 28. Rd2 Qe1+ 29. Kh2 Kg7 30. Be3 Rd8 31. f4 Qxg3+ 32. Kxg3 Nd7 33. Bc6 Nc5 34. Rxd8 Bxd8 35. b4 Ne6 36. Kf3 Bc7 37. a4 Kf6 38. Ke4 Ke7 39. g3 Kd6 40. Be8 Ke7 41. Bb5 Ng7 42. Kd5 Nf5 43. Bf2 Nd6 44. Kc6 Bb8 45. c4 Ke6 46. c5 bxc5 47. bxc5 Ne4 48. Be1 h5 49. Kb7 a6 50. Bc4+ Kd7 51. c6+ Kd6 52. Bb4+ Nc5+ 53. Bxc5+ Kxc5 54. Kxb8 Kxc6 55. Bxf7 1-0

[Event "ESP-ch Universities"]
[Site "Madrid"]
[Date "2008.05.09"]
[Round "4"]
[White "Cortes Mamblona, Josep Manuel"]
[Black "Munoz Navarro, Alberto"]
[Result "0-1"]
[WhiteElo "2054"]
[BlackElo "2178"]
[PlyCount "68"]
[EventDate "2008.05.08"]
[EventType "swiss"]
[EventRounds "9"]
[EventCountry "ESP"]
[SourceTitle "CBM 124 Extra"]
[Source "ChessBase"]
[SourceDate "2008.07.03"]
[SourceVersion "1"]
[SourceVersionDate "2008.07.03"]
[SourceQuality "1"]

1. c4 c6 2. Nf3 d5 3. e3 Nf6 4. Nc3 e6 5. b3 Bd6 6. d4 Nbd7 7. Bb2 0-0 8. Bd3 b6 9. 0-0 Bb7 10. e4 dxe4 11. Nxe4 Nxe4 12. Bxe4 f5 13. Bc2 Qf6 14. Ne5 Nxe5 15. dxe5 Bxe5 16. Bxe5 Qxe5 17. Re1 Qf6 18. Qd7 Rf7 19. Qxe6 Qxe6 20. Rxe6 Rd8 21. Rd1 Rxd1+ 22. Bxd1 Rd7 23. Bf3 c5 24. Kf1 Bxf3 25. gxf3 Kf7 26. Rc6 g6 27. Ke2 Kg7 28. a3 Kh6 29. Ke3 Kg5 30. b4 Re7+ 31. Kd3 cxb4 32. axb4 Kf4 33. c5 bxc5 34. bxc5 Kxf3 0-1

[Event "ESP-ch Universities"]
[Site "Madrid"]
[Date "2008.05.09"]
[Round "5"]
[White "Munoz Navarro, Alberto"]
[Black "Montero Melendez, Rafael"]
[Result "0-1"]
[WhiteElo "2178"]
[BlackElo "2261"]
[PlyCount "76"]
[EventDate "2008.05.08"]
[EventType "swiss"]
[EventRounds "9"]
[EventCountry "ESP"]
[SourceTitle "CBM 124 Extra"]
[Source "ChessBase"]
[SourceDate "2008.07.03"]
[SourceVersion "1"]
[SourceVersionDate "2008.07.03"]
[SourceQuality "1"]

1. d4 Nf6 2. c4 e6 3. Nf3 c5 4. e3 b6 5. Bd3 Bb7 6. Nbd2 Nc6 7. 0-0 Be7 8. b3 cxd4 9. exd4 d5 10. Bb2 0-0 11. Rc1 Rc8 12. Qe2 Ba6 13. Ne5 dxc4 14. Bxc4 Bxc4 15. Rxc4 Na5 16. Rxc8 Qxc8 17. Rc1 Qd8 18. Ndc4 Nxc4 19. bxc4 Bd6 20. h3 Qe7 21. Nd3 Rc8 22. Qf3 h6 23. c5 Bb8 24. cxb6 Rxc1+ 25. Bxc1 axb6 26. Qa8 Qa7 27. Qxa7 Bxa7 28. Bf4 b5 29. Nc5 Nd5 30. Bd2 e5 31. Be3 Nxe3 32. fxe3 Bxc5 33. dxc5 Kf8 34. Kf2 Ke7 35. Kf3 Ke6 36. c6 f5 37. g4 g6 38. h4 h5 0-1

[Event "ESP-ch Universities"]
[Site "Madrid"]
[Date "2008.05.09"]
[Round "6"]
[White "Rodriguez Gonzalez, Alex"]
[Black "Munoz Navarro, Alberto"]
[Result "0-1"]
[WhiteElo "2041"]
[BlackElo "2178"]
[PlyCount "48"]
[EventDate "2008.05.08"]
[EventType "swiss"]
[EventRounds "9"]
[EventCountry "ESP"]
[SourceTitle "CBM 124 Extra"]
[Source "ChessBase"]
[SourceDate "2008.07.03"]
[SourceVersion "1"]
[SourceVersionDate "2008.07.03"]
[SourceQuality "1"]

1. e4 d6 2. Nc3 g6 3. f4 Bg7 4. Nf3 Nf6 5. e5 Nfd7 6. d4 0-0 7. Bc4 Nb6 8. Bb3 Nc6 9. 0-0 Bg4 10. Be3 Na5 11. h3 Nbc4 12. Bc1 Bxf3 13. Qxf3 c5 14. dxc5 dxe5 15. Rd1 Qc7 16. Na4 Rfd8 17. c3 b5 18. cxb6 axb6 19. Rxd8+ Rxd8 20. Bxc4 Nxc4 21. b3 b5 22. bxc4 bxa4 23. Rb1 Qxc4 24. Ba3 Qxa2 0-1

[Event "Lorca Narciso Yepes op"]
[Site "Lorca"]
[Date "2007.06.27"]
[Round "6"]
[White "Munoz Navarro, Alberto"]
[Black "Vega Gutierrez, Sabrina Neide"]
[Result "0-1"]
[WhiteElo "2156"]
[BlackElo "2335"]
[PlyCount "88"]
[EventDate "2007.06.25"]
[EventType "swiss"]
[EventRounds "9"]
[EventCountry "ESP"]
[SourceTitle "CBM 119 Extra"]
[Source "ChessBase"]
[SourceDate "2007.09.04"]
[SourceVersion "1"]
[SourceVersionDate "2007.09.04"]
[SourceQuality "1"]

1. e4 c5 2. Nf3 Nc6 3. d4 cxd4 4. Nxd4 Nf6 5. Nc3 e5 6. Ndb5 d6 7. Bg5 a6 8. Na3 b5 9. Nd5 Be7 10. Bxf6 Bxf6 11. c4 b4 12. Nc2 a5 13. Be2 0-0 14. 0-0 Bg5 15. Qd3 Be6 16. a3 bxa3 17. Rxa3 Rb8 18. b3 Qd7 19. Raa1 f5 20. Bf3 g6 21. Rab1 Kh8 22. Nde3 Bxe3 23. Qxe3 a4 24. Rfd1 axb3 25. Rxb3 Rxb3 26. Qxb3 fxe4 27. Bxe4 Na5 28. Qg3 Nxc4 29. Ne3 Nxe3 30. Qxe3 Kg7 31. h3 Qc7 32. Rc1 Qa5 33. Rc6 Rd8 34. f4 exf4 35. Qd4+ Kf7 36. Kh2 Qe5 37. Rc7+ Kf6 38. Qb4 f3+ 39. Kg1 fxg2 40. Rxh7 Rc8 41. Qe1 Qf4 42. Kxg2 Rc4 43. Rh4 Qg5+ 44. Kh1 Rc1 0-1

[Event "Lorca Narciso Yepes op"]
[Site "Lorca"]
[Date "2007.06.27"]
[Round "5"]
[White "Perez Hernandez, Antonio Carmelo"]
[Black "Munoz Navarro, Alberto"]
[Result "0-1"]
[WhiteElo "1575"]
[BlackElo "2156"]
[PlyCount "42"]
[EventDate "2007.06.25"]
[EventType "swiss"]
[EventRounds "9"]
[EventCountry "ESP"]
[SourceTitle "CBM 119 Extra"]
[Source "ChessBase"]
[SourceDate "2007.09.04"]
[SourceVersion "1"]
[SourceVersionDate "2007.09.04"]
[SourceQuality "1"]

1. e4 g6 2. d4 Bg7 3. c4 d6 4. Nc3 Nf6 5. Bd3 0-0 6. Nge2 c5 7. d5 e6 8. 0-0 exd5 9. exd5 a6 10. a4 Nbd7 11. a5 Ng4 12. Bf4 Be5 13. Bg3 Bxg3 14. hxg3 Nde5 15. Qd2 Nxd3 16. Qxd3 Ne5 17. Qd1 Nxc4 18. Qa4 Nxb2 19. Qb3 Nd3 20. Ne4 Ne5 21. Qc3 Bf5 0-1

[Event "Lorca Narciso Yepes op"]
[Site "Lorca"]
[Date "2007.06.26"]
[Round "4"]
[White "Munoz Navarro, Alberto"]
[Black "Cucarella Montell, Angels"]
[Result "1-0"]
[WhiteElo "2156"]
[BlackElo "1922"]
[PlyCount "47"]
[EventDate "2007.06.25"]
[EventType "swiss"]
[EventRounds "9"]
[EventCountry "ESP"]
[SourceTitle "CBM 119 Extra"]
[Source "ChessBase"]
[SourceDate "2007.09.04"]
[SourceVersion "1"]
[SourceVersionDate "2007.09.04"]
[SourceQuality "1"]

1. e4 c5 2. Nf3 e6 3. d4 cxd4 4. Nxd4 Nc6 5. Nc3 Qc7 6. g3 a6 7. Bg2 Nf6 8. 0-0 d6 9. Re1 Bd7 10. Nb3 Be7 11. f4 h5 12. h3 h4 13. g4 g5 14. Nd5 exd5 15. exd5 Na5 16. Qd4 Nxb3 17. cxb3 Rg8 18. Qxf6 Bb5 19. Bd2 Kf8 20. Qh6+ Ke8 21. Bc3 Kd7 22. Rxe7+ Kxe7 23. Qf6+ Kf8 24. Re1 1-0

[Event "ESP-chT 1st div South"]
[Site "Santa Cruz de Tenerife"]
[Date "2006.08.24"]
[Round "2"]
[White "De la Cruz Sanchez, Carlos Gustavo"]
[Black "Munoz Navarro, Alberto"]
[Result "1/2-1/2"]
[WhiteElo "2249"]
[BlackElo "2185"]
[PlyCount "62"]
[EventDate "2006.08.23"]
[EventType "team-tourn"]
[EventRounds "5"]
[EventCountry "ESP"]
[SourceTitle "CBM 113 Extra"]
[Source "ChessBase"]
[SourceDate "2006.09.14"]
[SourceVersion "1"]
[SourceVersionDate "2006.09.14"]
[SourceQuality "1"]

1. e4 e6 2. d4 c5 3. c3 d5 4. exd5 Qxd5 5. Nf3 Nf6 6. Be2 Nc6 7. 0-0 cxd4 8. cxd4 Be7 9. Nc3 Qd8 10. Bf4 0-0 11. Qd2 b6 12. Rad1 Bb7 13. a3 Nd5 14. Rfe1 Nxc3 15. Qxc3 Rc8 16. Qe3 Bf6 17. Ne5 Ne7 18. Qh3 Ng6 19. Bd3 Re8 20. Bg3 Bd5 21. Nxg6 hxg6 22. Be5 Bb3 23. Rc1 Rxc1 24. Rxc1 Bxe5 25. dxe5 Qg5 26. Qe3 Qxe3 27. fxe3 Re7 28. Rc8+ Kh7 29. Kf2 Rd7 30. Rc3 Bd5 31. h4 Bb7 1/2-1/2

[Event "Benidorm op U2300 03rd"]
[Site "Benidorm"]
[Date "2004.11.19"]
[Round "1"]
[White "Dimitrov, Christo"]
[Black "Munoz Navarro, Alberto"]
[Result "1-0"]
[WhiteElo "2290"]
[BlackElo "2141"]
[PlyCount "40"]
[EventDate "2004.11.19"]
[EventType "swiss"]
[EventRounds "9"]
[EventCountry "ESP"]
[SourceTitle "CBM 103 Extra"]
[Source "ChessBase"]
[SourceDate "2005.01.01"]
[SourceVersion "1"]
[SourceVersionDate "2005.01.01"]
[SourceQuality "1"]

1. e4 e5 2. Bc4 Nf6 3. d3 Bc5 4. Nf3 d6 5. c3 0-0 6. Bb3 h6 7. 0-0 Nc6 8. Re1 Re8 9. h3 a6 10. Nbd2 b5 11. Nf1 Bb6 12. Ng3 Ne7 13. Nh4 Bd7 14. Qf3 Kh7 15. Nh5 Ng6 16. Nxf6+ Qxf6 17. Qxf6 gxf6 18. Nf5 Bxf5 19. exf5 Nh4 20. Bd5 Rad8 1-0

[Event "Cullera op-A 25th"]
[Site "Cullera"]
[Date "2004.07.29"]
[Round "9"]
[White "Munoz Navarro, Alberto"]
[Black "Garcia Martinez, Cesar Manuel"]
[Result "1/2-1/2"]
[WhiteElo "2142"]
[BlackElo "2070"]
[PlyCount "33"]
[EventDate "2004.07.??"]
[EventType "swiss"]
[EventRounds "9"]
[EventCountry "ESP"]
[SourceTitle "CBM 101 Extra"]
[Source "ChessBase"]
[SourceDate "2004.09.01"]
[SourceVersion "2"]
[SourceVersionDate "2004.09.01"]
[SourceQuality "1"]

1. e4 e5 2. f4 exf4 3. Nf3 d5 4. exd5 Nf6 5. Bc4 Bd6 6. Qe2+ Qe7 7. Qxe7+ Kxe7 8. 0-0 Re8 9. d4 Kf8 10. Nc3 Bf5 11. Nb5 Nh5 12. Bb3 Nd7 13. Bd2 a5 14. Nxd6 cxd6 15. Ba4 Red8 16. Nh4 Be4 17. Bxf4 1/2-1/2

[Event "Cullera op-A 25th"]
[Site "Cullera"]
[Date "2004.07.25"]
[Round "5"]
[White "Munoz Navarro, Alberto"]
[Black "Fenollar Jorda, Manuel"]
[Result "0-1"]
[WhiteElo "2142"]
[BlackElo "2240"]
[PlyCount "86"]
[EventDate "2004.07.??"]
[EventType "swiss"]
[EventRounds "9"]
[EventCountry "ESP"]
[SourceTitle "CBM 101 Extra"]
[Source "ChessBase"]
[SourceDate "2004.09.01"]
[SourceVersion "2"]
[SourceVersionDate "2004.09.01"]
[SourceQuality "1"]

1. e4 e5 2. Nf3 Nc6 3. Bb5 a6 4. Bxc6 dxc6 5. 0-0 f6 6. d4 Bg4 7. dxe5 Qxd1 8. Rxd1 Bxf3 9. gxf3 fxe5 10. Be3 Bd6 11. Nc3 Ne7 12. Bg5 Ng6 13. Rd3 h6 14. Bc1 0-0 15. Kf1 Nh4 16. Ke2 Rf6 17. Nb1 Raf8 18. Nd2 g5 19. h3 R8f7 20. Rb1 Kf8 21. b4 Ng2 22. Nc4 b5 23. Nxd6 cxd6 24. Rbb3 a5 25. Rbc3 Rc7 26. a3 Ke7 27. bxa5 Kd7 28. a4 b4 29. Rc4 c5 30. Rb3 Nh4 31. f4 gxf4 32. c3 bxc3 33. Rcxc3 Ng6 34. a6 Rf8 35. Rb6 Ne7 36. Kd3 Ra8 37. Kc4 Nc6 38. Bd2 Nb4 39. Kb5 Rca7 40. Rb7+ Kc8 41. Rxa7 Rxa7 42. Rb3 Nxa6 43. Rd3 Nc7+ 0-1

[Event "Cullera op-A 25th"]
[Site "Cullera"]
[Date "2004.07.21"]
[Round "2"]
[White "Munoz Navarro, Alberto"]
[Black "Torres Sanchez, Jose"]
[Result "0-1"]
[WhiteElo "2142"]
[BlackElo "2275"]
[PlyCount "69"]
[EventDate "2004.07.??"]
[EventType "swiss"]
[EventRounds "9"]
[EventCountry "ESP"]
[SourceTitle "CBM 101 Extra"]
[Source "ChessBase"]
[SourceDate "2004.09.01"]
[SourceVersion "2"]
[SourceVersionDate "2004.09.01"]
[SourceQuality "1"]

1. e4 c5 2. Nf3 e6 3. d3 Nc6 4. g3 g6 5. Bg2 Bg7 6. 0-0 Nge7 7. Nc3 0-0 8. Be3 Nd4 9. Qd2 f5 10. Ne1 d6 11. Nd1 e5 12. c3 f4 13. cxd4 fxe3 14. Nxe3 cxd4 15. Nc4 b5 16. Na3 a6 17. Rc1 Be6 18. Nec2 Rf7 19. Nb4 Qf8 20. Rc7 Bh6 21. Qd1 Rc8 22. Nxa6 Ra8 23. Nb4 Ra4 24. Qe1 Qb8 25. Rxe7 Rxe7 26. Nc6 Qb7 27. Nxe7+ Qxe7 28. Nxb5 Bxa2 29. Bh3 Bf7 30. Kg2 d5 31. Bg4 dxe4 32. Qxe4 Qc5 33. Nc3 Ra7 34. b4 Qxc3 35. b5 0-1

[Event "Cullera op U2300 24th"]
[Site "Cullera"]
[Date "2003.07.23"]
[Round "7"]
[White "Munoz Navarro, Alberto"]
[Black "Martinez Tormo, Jorge"]
[Result "0-1"]
[WhiteElo "2142"]
[BlackElo "2208"]
[PlyCount "76"]
[EventDate "2003.07.17"]
[EventType "swiss"]
[EventRounds "9"]
[EventCountry "ESP"]
[SourceTitle "CBM 095 Extra"]
[Source "ChessBase"]
[SourceDate "2003.09.04"]
[SourceVersion "1"]
[SourceVersionDate "2003.09.04"]
[SourceQuality "1"]

1. e4 e5 2. f4 exf4 3. Nf3 d6 4. d4 g5 5. h4 g4 6. Ng1 Nf6 7. Bxf4 Nxe4 8. Bd3 d5 9. Bxe4 dxe4 10. Nc3 Bg7 11. Nge2 f5 12. Qd2 Na6 13. Bg5 Qd7 14. Bh6 0-0 15. 0-0-0 c6 16. Ng3 Bxh6 17. Qxh6 Qe6 18. Qg5+ Kh8 19. Rhf1 Bd7 20. d5 cxd5 21. Rxd5 Bc6 22. Nxf5 Qf6 23. Qxf6+ Rxf6 24. Rd6 Raf8 25. Rxf6 Rxf6 26. Ne3 Rxf1+ 27. Nxf1 Nc5 28. Kd2 Kg7 29. Ke3 Kf6 30. Nd2 Ke5 31. b4 Ne6 32. Ncxe4 Nd4 33. Nc4+ Kd5 34. Ncd2 Nxc2+ 35. Kf4 Nxb4 36. Kxg4 Ke5 37. Ng5 Bxg2 38. Nxh7 Nxa2 0-1

[Event "Murcia-ch 18th"]
[Site "Totana"]
[Date "2003.04.12"]
[Round "6"]
[White "Olmos Rosa, Fernando"]
[Black "Munoz Navarro, Alberto"]
[Result "0-1"]
[WhiteElo "1916"]
[BlackElo "2129"]
[PlyCount "64"]
[EventDate "2003.03.08"]
[EventType "swiss"]
[EventRounds "9"]
[EventCountry "ESP"]
[SourceTitle "EXT 2004"]
[Source "ChessBase"]
[SourceDate "2003.11.25"]
[SourceVersion "1"]
[SourceVersionDate "2003.11.25"]
[SourceQuality "1"]

1. e4 d6 2. Nc3 Nf6 3. Be2 g6 4. d3 Bg7 5. Be3 c5 6. Qd2 Ng4 7. Bf4 Nc6 8. h3 Nf6 9. Nf3 Bd7 10. Nd5 e5 11. Nxf6+ Bxf6 12. Be3 Qe7 13. 0-0-0 Nd4 14. Kb1 b5 15. c3 Nc6 16. d4 exd4 17. cxd4 c4 18. e5 Bf5+ 19. Ka1 dxe5 20. d5 Rd8 21. Rhe1 0-0 22. g4 Be6 23. d6 Qb7 24. Bg5 Bxg5 25. Nxg5 Nd4 26. f4 Rxd6 27. Nxe6 fxe6 28. fxe5 Nb3+ 29. axb3 Rxd2 30. Rxd2 cxb3 31. Rd6 Qe4 32. Ra6 Qxe2 0-1

[Event "Murcia-ch 18th"]
[Site "Totana"]
[Date "2003.03.15"]
[Round "2"]
[White "Martinez Barbero, Alfonso"]
[Black "Munoz Navarro, Alberto"]
[Result "1/2-1/2"]
[WhiteElo "1839"]
[BlackElo "2129"]
[PlyCount "36"]
[EventDate "2003.03.08"]
[EventType "swiss"]
[EventRounds "9"]
[EventCountry "ESP"]
[SourceTitle "EXT 2004"]
[Source "ChessBase"]
[SourceDate "2003.11.25"]
[SourceVersion "1"]
[SourceVersionDate "2003.11.25"]
[SourceQuality "1"]

1. c4 Nf6 2. Nc3 c5 3. g3 Nc6 4. Bg2 g6 5. Nf3 Bg7 6. 0-0 0-0 7. d3 d6 8. Ne1 Rb8 9. a3 a5 10. Nc2 Ne8 11. Rb1 Bd7 12. Bd2 Nc7 13. b4 axb4 14. axb4 cxb4 15. Nxb4 Nxb4 16. Rxb4 b5 17. cxb5 Nxb5 18. Nxb5 Rxb5 1/2-1/2

[Event "Albacete op 10th"]
[Site "Albacete"]
[Date "2002.09.06"]
[Round "8"]
[White "Granero Roca, Antonio"]
[Black "Munoz Navarro, Alberto"]
[Result "1-0"]
[WhiteElo "2351"]
[BlackElo "2138"]
[PlyCount "43"]
[EventDate "2002.09.01"]
[EventType "swiss"]
[EventRounds "9"]
[EventCountry "ESP"]
[SourceTitle "EXT 2003"]
[Source "ChessBase"]
[SourceDate "2002.11.25"]
[SourceVersion "1"]
[SourceVersionDate "2002.11.25"]
[SourceQuality "1"]

1. d4 Nf6 2. c4 c5 3. d5 b5 4. cxb5 a6 5. b6 a5 6. Nc3 Ba6 7. f4 Qxb6 8. Nf3 d6 9. e4 Bxf1 10. Rxf1 Nfd7 11. e5 dxe5 12. fxe5 g6 13. e6 fxe6 14. Ng5 e5 15. Ne6 Na6 16. Qf3 Nf6 17. Bg5 Qxb2 18. Rb1 Qc2 19. Bxf6 exf6 20. Rf2 Qf5 21. Qe2 Qh5 22. Qb5+ 1-0